Open Data Biblioteca Nacional de Portugal


República Portuguesa: Ministério da Cultura
Biblioteca Nacional de Portugal

Catálogo da BNP: acesso por Identificadores Unívocos
Registos Bibliográficos associados ao registo de autoridade

Etiqueta de registo: 00000nkm 2200025 450
001 2258507
003 http://id.bnportugal.gov.pt/bib/catbnp/2258507
100 ## $a20260202f19881998m y0pory01030103ba
101 0# $apor
102 ## $aPT
200 1# $aOs Pais Terríveis, Jean Cocteau, estreia, Oeiras, 13 de novembro, Lisboa, a partir de 30 de novembro$bVisual gráfico]$fCâmara Municipal de Oeiras
210 #9 $aOeiras$cCâmara Municipal de Oeiras,$dentre 1988 e 1998]
215 ## $a1 cartaz$ccolor.$d47,8x68,1 cm
306 ## $aDatação atribuída em conformidade com as designações institucionais
317 ## $aColeção Madeira Luís
675 ## $a766(=1:469)"198/9"(084.5)$vBN$zpor$31981940
710 01 $aOeiras.$bCâmara Municipal$313157
711 01 $aPROTEA.$cAcção pró Teatro e Artes$31982748
801 #0 $aPT$bBN$gRPC
966 ## $lBN$mICONOG$sCT. 19060 A.$x3
971 ## $cCaticonografia1$d20260202
995 ## $aPRR2026 $d20260202$iCaticonografia1

Etiqueta de registo: 00000nkm 2200025 450
001 2280937
003 http://id.bnportugal.gov.pt/bib/catbnp/2280937
100 ## $a20260317d1989 m y0pory01030103ba
101 0# $apor
102 ## $aPT
200 1# $aQuatro Estações, A. Wesker, Palco Oriental, agosto 1989$bVisual gráfico]$fPró Tea
210 #9 $a[S.l.]$cPró Tea,$d1989
215 ## $a1 cartaz frente e verso$ccolor.$d44,8x62,8 cm
303 ## $aVerso contém a ficha técnica, bem como o epílogo a The Four Seasons, de 1981, e extracto retirado de Le Nouveau Theatre Anglais, de 1969
307 ## $aCartaz desdobrável, impresso frente e verso
317 ## $aColeção Madeira Luís
322 ## $aTradução Maria Velho da Costa, Encenação Rogério de Carvalho, Cenografia e Figurinos Vera Castro, Música Paulo Brandão
323 ## $aJúlia Correia e Diogo Dória
710 01 $aPROTEA.$cAcção pró Teatro e Artes$31982748
801 #0 $aPT$bBN$gRPC
966 ## $lBN$mICONOG$sCT. 25017 A.$x3
971 ## $cCaticonografia5$d20260317
995 ## $aPRR2026

Etiqueta de registo: 00000nkm 2200025 450
001 2282371
003 http://id.bnportugal.gov.pt/bib/catbnp/2282371
100 ## $a20260320f199- m y0pory01030103ba
101 0# $apor
102 ## $aPT
200 1# $aPerversões, David Mamet, [com] Rita Blanco - José Pedro Gomes - Miguel Guilherme - Alexandra Rosa, Clube Estefânia$bVisual gráfico]$fPró Tea$gFotografia e Designer - Mariano Piçarra
210 #9 $a[S.l.]$cPró Tea,$d[199-?]$e[S.l.]:$gTipografia Henry Gris, Lda.)
215 ## $a1 cartaz$ccolor.$d64x46 cm
306 ## $aDatação atribuída em conformidade com as carcaterísticas formais do documento
317 ## $aColeção Madeira Luís
702 #1 $aPiçarra,$bMariano,$f1960-$4600$4410$373582
710 01 $aPROTEA.$cAcção pró Teatro e Artes$31982748
801 #0 $aPT$bBN$gRPC
966 ## $lBN$mICONOG$sCT. 25469 A.$x3
971 ## $cCaticonografia7$d20260320
995 ## $aPRR2026

OpendataBNP@bnportugal.pt | Mais informação sobre acesso aos dados BNP